000 00463pab a2200169 454500
008 180718b2003 xxu||||| |||| 00| 0 eng d
100 _aIwata, Shigeru
245 _aSources of economic growth in East Asia: a nonparametric assessment
260 _c2003
300 _ap.157-77.
650 _aEconomic growth - East Asia
650 _aEconomic growth
700 _aMurao, Hiroshi
700 _aKhan, Mohsin S.
773 _aIMF Staff Papers
909 _a58095
999 _c58095
_d58095